Dissertations in Hispanic languages and literatures : (Record no. 52045)

MARC details
000 -LEADER
campo de control de longitud fija 01025nam a2200265 i 4500
001 - NÚMERO DE CONTROL
campo de control 52045
003 - IDENTIFICADOR DE NÚMERO DE CONTROL
campo de control ES-MaACL
005 - FECHA Y HORA DE LA ÚLTIMA TRANSACCIÓN
campo de control 20230906162510.0
007 - CAMPO FIJO DE DESCRIPCIÓN FÍSICA--INFORMACIÓN GENERAL
campo de control de longitud fija t|
008 - DATOS DE LONGITUD FIJA--INFORMACIÓN GENERAL
campo de control de longitud fija 030825s1970 xxu b ||||1| eng d
080 ## - NÚMERO DE LA CLASIFICACIÓN DECIMAL UNIVERSAL
Número de la Clasificación Decimal Universal 016:821.134.2
080 ## - NÚMERO DE LA CLASIFICACIÓN DECIMAL UNIVERSAL
Número de la Clasificación Decimal Universal 016:821.134.3
100 1# - ENTRADA PRINCIPAL--NOMBRE DE PERSONA
Nombre de persona Chatham, James R.
9 (RLIN) 38190
245 10 - MENCIÓN DEL TÍTULO
Título Dissertations in Hispanic languages and literatures :
Resto del título an index of dissertations completed in the United States and Canada.
Número de parte o sección de la obra I,
Nombre de parte o sección de la obra 1876-1966 /
Mención de responsabilidad, etc. James R. Chatham & Enrique Ruiz-Fornells.
260 ## - PUBLICACIÓN, DISTRIBUCIÓN, ETC.
Lugar de publicación, distribución, etc. [Lexington] :
Nombre del editor, distribuidor, etc. University Press of Kentucky,
Fecha de publicación, distribución, etc. [1970]
300 ## - DESCRIPCIÓN FÍSICA
Extensión 1 v. (XIV, 120 p.) ;
Dimensiones 29 cm.
650 #4 - PUNTO DE ACCESO ADICIONAL DE MATERIA--TÉRMINO DE MATERIA
Término de materia o nombre geográfico como elemento de entrada Literatura española-
Subdivisión de forma Bibliografías.
9 (RLIN) 14554
650 #4 - PUNTO DE ACCESO ADICIONAL DE MATERIA--TÉRMINO DE MATERIA
Término de materia o nombre geográfico como elemento de entrada Literatura hispanoamericana-
Subdivisión de forma Bibliografías.
9 (RLIN) 156211
650 #4 - PUNTO DE ACCESO ADICIONAL DE MATERIA--TÉRMINO DE MATERIA
Término de materia o nombre geográfico como elemento de entrada Literatura portuguesa-
Subdivisión de forma Bibliografías.
9 (RLIN) 136432
650 #4 - PUNTO DE ACCESO ADICIONAL DE MATERIA--TÉRMINO DE MATERIA
Término de materia o nombre geográfico como elemento de entrada Lengua española-
Subdivisión de forma Bibliografías.
9 (RLIN) 163213
650 #4 - PUNTO DE ACCESO ADICIONAL DE MATERIA--TÉRMINO DE MATERIA
Término de materia o nombre geográfico como elemento de entrada Lengua portuguesa.
9 (RLIN) 14312
700 1# - ENTRADA AGREGADA--NOMBRE PERSONAL
Nombre de persona Ruiz-Fornells, Enrique.
9 (RLIN) 100801
852 4# - LOCALIZACIÓN
Ubicación ES-MaACL
Número de control de estantería C-54195
852 4# - LOCALIZACIÓN
Ubicación ES-MaACL
Número de control de estantería L-2720
Holdings
Estatus retirado Estado de pérdida Estado de daño No para préstamo Biblioteca de origen Biblioteca actual Ubicación en estantería Fecha de adquisición Fuente de adquisición Total de préstamos Signatura topográfica completa Código de barras Visto por última vez Precio de reemplazo Tipo de ítem Koha
        Biblioteca del Ateneo de Madrid Biblioteca del Ateneo de Madrid Depósito 2 17/01/2008     L-2720 1054720 23/02/2023 23/02/2023 Libro impreso
        Biblioteca del Ateneo de Madrid Biblioteca del Ateneo de Madrid Depósito 2 17/01/2008     C-54195 1054719 23/02/2023 23/02/2023 Libro impreso